Marathon Quiz - Statistics

General Stats
  • This quiz has been taken 417 times
    81 since last reset
  • The average score is 14 of 22
Answer Stats
Hint Answer % Correct
Country of the legendary first marathon in 490 BC Greece
92%
City where that run ended Athens
88%
City of the seven World Marathon Majors Boston
88%
City of the seven World Marathon Majors New York
88%
City of the seven World Marathon Majors London
87%
Distance of the modern marathon in miles (rounded) 26
85%
City of the seven World Marathon Majors Tokyo
84%
Country of the current marathon record holder Kenya
81%
Distance of the modern marathon in kilometers (rounded) 42
76%
City where that run began Marathon
75%
City of the seven World Marathon Majors Berlin
73%
City of the seven World Marathon Majors Chicago
72%
Any race longer than a marathon is called this. ultramarathon
72%
City of the seven World Marathon Majors Sydney
65%
Time of his fastest official marathon run (H:MM) 2:00:35
61%
Year of first marathon in the modern Olympics 1896
57%
Term for running the second half faster than the first {negative} {split}
47%
Current marathon record holder Kelvin Kiptum
35%
Distance of the modern marathon in kilometers (to 3 decimal places) 42.195
31%
The WMM added this competition in 2016 for those unable to run wheelchair
31%
What "BQ" stands for {Boston} {Qualifier}
23%
Name of that legendary messenger runner Philippides
12%
No matching quizzes found
Score Distribution
Percent of People with Each Score
Percentile by Number Answered
Your Score History
You have not taken this quiz since the last reset